| 000 | 01184nam a22004097a 4500 | ||
|---|---|---|---|
| 001 | BR2010004828 | ||
| 003 | BR-BrBNA | ||
| 005 | 20230928103358.0 | ||
| 007 | ta | ||
| 008 | 230509b bl.||||| |||| 00| 0 por d | ||
| 040 |
_aBR-BrBNA _bpor _cBiblioteca Nacional de Agricultura |
||
| 041 | _a(Por) | ||
| 072 |
_aL10; L53 _b5213 |
||
| 090 | _ 5213 BR2010004828 | ||
| 100 | 1 | _aLôbo, R.B. | |
| 100 | 1 | _aBezerra, L.A.F. | |
| 100 | 1 | _aFaria, C. de U. | |
| 100 | 1 | _aMagnabosco, C. de U. | |
| 100 | 1 | _aAlbuquerque, L.G. | |
| 100 | 1 | _aBergmann, J.A.G. | |
| 100 | 1 | _aSainz, R.D. | |
| 100 | 1 | _aOliveira, H.N. | |
| 110 | 1 |
_aAssociação Brasileira de Criadores e Pesquisadores, Ribeirão Preto, SP (Brasil) _9838 |
|
| 245 | 1 | _aAvaliação genética de touros e matrizes da raça Nelore: sumário 2008 | |
| 260 | 3 |
_aRibeirão Preto, SP (Brasil): _c2008. |
|
| 300 | _a116 p. | ||
| 650 | _aTOURO | ||
| 650 | _aMATRIZ | ||
| 650 | _aGADO NELORE | ||
| 650 | _aMELHORAMENTO GENÉTICO ANIMAL | ||
| 650 | _aREPRODUÇÃO ANIMAL | ||
| 650 | _aCARCAÇA | ||
| 650 | _aANÁLISE QUANTITATIVA | ||
| 650 | _aPERFORMANCE | ||
| 909 |
_a202309 _bLucia _c55 _dLucia Elande |
||
| 942 | _cBK | ||
| 999 |
_c74857 _d74857 |
||